University Home | Library Home | Institutional Repository

Customs and culture of Vietnam/ (Record no. 110899)

MARC details
000 -LEADER
fixed length control field 00361cpm a2200109 4500
008 - FIXED-LENGTH DATA ELEMENTS--GENERAL INFORMATION
fixed length control field 090206n eng u
035 ## - SYSTEM CONTROL NUMBER
System control number (Sirsi) a164020
050 ## - LIBRARY OF CONGRESS CALL NUMBER
Classification number DS 557.A5
100 1# - MAIN ENTRY--PERSONAL NAME
Personal name Crawford, Ann Caddell
245 ## - TITLE STATEMENT
Title Customs and culture of Vietnam/
Statement of responsibility, etc. by Ann Caddell Crawford; illustrations by Hau Dinh Cam.
260 ## - PUBLICATION, DISTRIBUTION, ETC.
Place of publication, distribution, etc. Tokyo:
Name of publisher, distributor, etc. Charles E. Tuttle,
Date of publication, distribution, etc. 1966.

No items available.

© 2026 - The University of Zambia Library - Koha v25.11